000 00517nam a2200157Ia 4500
003 IN-BaIIA
008 211028s9999 xx 000 0 eng d
040 _cIIA Library
080 _a521.1
_bPON-4
100 _aPontecoulant, G. de
_91481
245 0 _aTheorie analytique du systeme du monde
_btome quatrieme (in French)
_cG. de Pontecoulant
260 _aParis
_bBachelier
_c1846
300 _axxviij, 664p.
650 _aAstronomy and Astrophysics Thesaurus; Celestial Mechanics; Astrometry; Archives
_91482
942 _cBK
999 _c689
_d689